| 000 | 01194nam a22002657a 4500 | ||
|---|---|---|---|
| 005 | 20080929101452.0 | ||
| 008 | 080929t xxu||||| |||| 00| 0chin d | ||
| 010 | _aHIN-92065 | ||
| 020 |
_a9788190482684 _c250.00 |
||
| 035 | _aHN-64411 | ||
| 037 | _bDBAD / PUB | ||
| 040 |
_aDPL _bHN |
||
| 082 | _a921 | ||
| 100 |
_aसेंगर, शैलेन्द्र _926640 |
||
| 245 |
_aमायावती: बहुजन से सर्वजन तक / _cशैलेन्द्र सेंगर |
||
| 246 |
_aMayawati:Bahujan se sarvajan tak _bby Shailender Senger |
||
| 260 |
_aदिल्ली _bबुक ट्री पब्लिशिंग हाऊस _c2009 |
||
| 270 |
_a1376, आत्माराम बिल्डिंग, निकट इंडियन बैंक, कश्मीरी गेट _bदिल्ली _e110006 _m |
||
| 300 |
_a168पृ. _c22सेमी (सजिल्द) |
||
| 650 | _9697 | ||
| 650 | _9698 | ||
| 700 | _926643 | ||
| 942 |
_2ddc _cHN _h921 _mसेंगर |
||
| 999 |
_c51121 _d51121 |
||